000
00303nam a2200121Ia 4500
008
190216s9999||||xx |||||||||||||| ||und||
100
_a
Hooke A W
245
0
_a
Exchange Rate Regimes And Policy Interdependence
260
_b
Moohim Publicaion
_c
1983
300
_a
222p
650
_a
Economics
942
_c
BK
999
_c
9611
_d
9611